| 000 | 00433nam a22001697a 4500 | ||
|---|---|---|---|
| 003 | NUST - PNEC | ||
| 005 | 20170116181158.0 | ||
| 008 | 160119b xxu||||| |||| 00| 0 eng d | ||
| 020 | _a9780340753668 | ||
| 040 | _cLIBRARY | ||
| 082 | _a940.28 FAR | ||
| 100 |
_916122 _aFarmer, Alan |
||
| 245 |
_aAn introduction to modern European history, 1890-1990 _cFarmer Alan |
||
| 250 | _a7th ed. | ||
| 650 | _xGeneral | ||
| 942 |
_2ddc _cBK |
||
| 999 |
_c71317 _d71317 |
||